[Event "34. Abierto Ciudad de Sevilla"]
[Site "Sevilla ESP"]
[Date "2009.01.25"]
[Round "3.22"]
[White "Berbatov, Kiprian"]
[Black "Morales Barrera, Raul"]
[Result "1-0"]
[WhiteElo "2392"]
[BlackElo "2059"]
[PlyCount "107"]
[EventDate "2009.01.23"]
[EventType "swiss"]
[EventRounds "9"]
[EventCountry "ESP"]
[Source "lmi"]
[SourceDate "2009.01.23"]

1. e4 d6 2. d4 Nf6 3. Nc3 g6 4. Be3 Bg7 5. f3 O-O 6. Qd2 c6 7. h4 b5 8. Bh6 e5
9. Bxg7 Kxg7 10. h5 Nxh5 11. g4 Nf4 12. Nce2 h6 13. Nxf4 exf4 14. Qxf4 Qg5 15.
Qh2 Qe3+ 16. Ne2 Rh8 17. Qf4 Qxf4 18. Nxf4 a6 19. c3 Nd7 20. a4 Bb7 21. Kf2 Nb6
22. b3 Rhb8 23. Be2 Nd7 24. Ra2 Bc8 25. axb5 axb5 26. Rha1 Nb6 27. Ra7 Rxa7 28.
Rxa7 Rb7 29. Ra5 Bd7 30. Ke3 Kf6 31. Nd3 Be6 32. Bd1 g5 33. Kd2 Ke7 34. Bc2 f6
35. Nb4 Bd7 36. Ra6 Be8 37. Bd3 Kd7 38. d5 Kc7 39. dxc6 Bxc6 40. Ke3 Be8 41.
Kd4 h5 42. gxh5 Bxh5 43. Bxb5 Bxf3 44. Bc6 Rb8 45. Ra7+ Kd8 46. Na6 Rc8 47. Bb7
Nd7 48. Bxc8 Kxc8 49. Kd5 f5 50. Kxd6 fxe4 51. Rc7+ Kd8 52. Rxd7+ Ke8 53. Nc7+
Kf8 54. Ne6+ 1-0

[Event "34. Abierto Ciudad de Sevilla"]
[Site "Sevilla ESP"]
[Date "2009.01.26"]
[Round "4.4"]
[White "Strikovic, Aleksa"]
[Black "Recuero Guerra, David"]
[Result "1-0"]
[WhiteElo "2533"]
[BlackElo "2435"]
[PlyCount "69"]
[EventDate "2009.01.23"]
[EventType "swiss"]
[EventRounds "9"]
[EventCountry "ESP"]
[Source "lmi"]
[SourceDate "2009.01.23"]

1. c4 e5 2. g3 Nf6 3. Bg2 h6 4. a3 g6 5. Nc3 Bg7 6. e3 d6 7. d4 Nbd7 8. Nf3 O-O
9. O-O c6 10. e4 a5 11. Qc2 exd4 12. Nxd4 Nb6 13. b3 Nfd7 14. Rd1 a4 15. Bf4
axb3 16. Qxb3 Nc5 17. Qb4 Nba4 18. Nde2 Nxc3 19. Nxc3 Na6 20. Qb3 Qa5 21. Rac1
Nc5 22. Qb4 Rd8 23. Qxa5 Rxa5 24. Bxd6 Be6 25. e5 Rda8 26. Nd5 cxd5 27. cxd5
Nb3 28. Rc3 Bf5 29. h3 R5a6 30. Rxb3 Bc2 31. Rdb1 Bxb1 32. Rxb1 f6 33. Bf1 Ra5
34. Bb4 R5a7 35. e6 1-0

[Event "34. Abierto Ciudad de Sevilla"]
[Site "Sevilla ESP"]
[Date "2009.01.26"]
[Round "4.5"]
[White "Razmyslov, Alexander"]
[Black "Matamoros Franco, Carlos"]
[Result "1/2-1/2"]
[WhiteElo "2404"]
[BlackElo "2532"]
[PlyCount "27"]
[EventDate "2009.01.23"]
[EventType "swiss"]
[EventRounds "9"]
[EventCountry "ESP"]
[Source "lmi"]
[SourceDate "2009.01.23"]

1. d4 d5 2. c4 c6 3. cxd5 cxd5 4. Nc3 Nf6 5. Bf4 Nc6 6. e3 a6 7. h3 Ne4 8. Nge2
Nxc3 9. Nxc3 e6 10. Bd3 Bd6 11. Bxd6 Qxd6 12. Rc1 O-O 13. O-O Bd7 14. a3
1/2-1/2

[Event "34. Abierto Ciudad de Sevilla"]
[Site "Sevilla ESP"]
[Date "2009.01.26"]
[Round "4.7"]
[White "De la Villa Garcia, Jesus Maria"]
[Black "Huerga Leache, Mikel"]
[Result "1/2-1/2"]
[WhiteElo "2469"]
[BlackElo "2418"]
[PlyCount "29"]
[EventDate "2009.01.23"]
[EventType "swiss"]
[EventRounds "9"]
[EventCountry "ESP"]
[Source "lmi"]
[SourceDate "2009.01.23"]

1. e4 c5 2. Nf3 e6 3. d4 cxd4 4. Nxd4 Nf6 5. Nc3 Nc6 6. Ndb5 d6 7. Bf4 e5 8.
Bg5 a6 9. Na3 b5 10. Nd5 Qa5+ 11. Bd2 Qd8 12. Bg5 Qa5+ 13. Bd2 Qd8 14. Bg5 Qa5+
15. Bd2 1/2-1/2

[Event "34. Abierto Ciudad de Sevilla"]
[Site "Sevilla ESP"]
[Date "2009.01.26"]
[Round "4.9"]
[White "Spraggett, Kevin"]
[Black "Berbatov, Kiprian"]
[Result "1-0"]
[WhiteElo "2586"]
[BlackElo "2392"]
[PlyCount "93"]
[EventDate "2009.01.23"]
[EventType "swiss"]
[EventRounds "9"]
[EventCountry "ESP"]
[Source "lmi"]
[SourceDate "2009.01.23"]

1. c4 g6 2. Nc3 Bg7 3. g3 d6 4. Bg2 Nf6 5. d4 O-O 6. Nf3 Nc6 7. O-O a6 8. h3
Rb8 9. e4 b5 10. cxb5 axb5 11. Re1 b4 12. Nd5 Nd7 13. Bg5 h6 14. Be3 e6 15. Nf4
e5 16. Nd5 exd4 17. Nxd4 Nxd4 18. Bxd4 c5 19. Bxg7 Kxg7 20. Qc2 Ne5 21. Rad1
Nc6 22. f4 f6 23. b3 Nd4 24. Qb2 Be6 25. Ne3 Bg8 26. h4 h5 27. Kh2 Kh7 28. Rf1
f5 29. exf5 gxf5 30. Nc2 Nb5 31. Ne3 Qf6 32. Qf2 Nc3 33. Rd3 Rbe8 34. Qd2 Rd8
35. a3 Ne4 36. Qe2 Qg6 37. Nxf5 Nc3 38. Qe7+ Kh8 39. Rxd6 Rxd6 40. Nxd6 Qf6 41.
Qc7 bxa3 42. Qxc5 a2 43. Ra1 Bxb3 44. Ne8 Rxe8 45. Qxh5+ Kg7 46. Qxe8 Nb1 47.
Rxa2 1-0

[Event "34. Abierto Ciudad de Sevilla"]
[Site "Sevilla ESP"]
[Date "2009.01.26"]
[Round "4.10"]
[White "Paunovic, Dragan"]
[Black "Sgnaolin, Davide"]
[Result "1-0"]
[WhiteElo "2526"]
[BlackElo "2209"]
[PlyCount "61"]
[EventDate "2009.01.23"]
[EventType "swiss"]
[EventRounds "9"]
[EventCountry "ESP"]
[Source "lmi"]
[SourceDate "2009.01.23"]

1. Nf3 Nf6 2. g3 d5 3. Bg2 c6 4. O-O Bg4 5. d3 Nbd7 6. c4 e6 7. Nc3 Be7 8. cxd5
Nxd5 9. d4 O-O 10. e4 N5b6 11. h3 Bxf3 12. Qxf3 Bg5 13. Rd1 Bxc1 14. Raxc1 Nf6
15. b4 Rc8 16. a4 Qe7 17. a5 Na8 18. b5 Nc7 19. bxc6 bxc6 20. Rb1 Rb8 21. Qd3
Rb4 22. Na2 Rb5 23. Rxb5 cxb5 24. Qc3 Rb8 25. Nb4 Qd7 26. Rc1 Nfe8 27. Nc6 Ra8
28. Qc5 h6 29. e5 Kh7 30. Nxa7 Rd8 31. Nc6 1-0

[Event "34. Abierto Ciudad de Sevilla"]
[Site "Sevilla ESP"]
[Date "2009.01.26"]
[Round "4.11"]
[White "Perez Garcia, Roberto"]
[Black "Campora Sivori, Daniel"]
[Result "0-1"]
[WhiteElo "2191"]
[BlackElo "2522"]
[PlyCount "62"]
[EventDate "2009.01.23"]
[EventType "swiss"]
[EventRounds "9"]
[EventCountry "ESP"]
[Source "lmi"]
[SourceDate "2009.01.23"]

1. e4 c6 2. d4 d5 3. f3 e5 4. dxe5 Bc5 5. Nc3 Ne7 6. exd5 cxd5 7. Bb5+ Nbc6 8.
Bf4 O-O 9. Bxc6 bxc6 10. Na4 Ng6 11. Nxc5 Nxf4 12. g3 Qa5+ 13. c3 Qxc5 14. gxf4
Qe3+ 15. Ne2 Ba6 16. Qd2 Qxf3 17. Rf1 Qe4 18. Rf2 Qh1+ 19. Rf1 Qxh2 20. Rf2
Qh1+ 21. Rf1 Qh4+ 22. Rf2 f6 23. e6 f5 24. Qe3 Qh1+ 25. Rf1 Qe4 26. Qxe4 dxe4
27. Rg1 Rf6 28. Nd4 c5 29. Nb3 Rc8 30. Rd1 Bd3 31. e7 Re6 0-1

[Event "34. Abierto Ciudad de Sevilla"]
[Site "Sevilla ESP"]
[Date "2009.01.26"]
[Round "4.12"]
[White "Rizouk, Aimen"]
[Black "Gavira Galocha, Antonio Jesus"]
[Result "1-0"]
[WhiteElo "2518"]
[BlackElo "2046"]
[PlyCount "47"]
[EventDate "2009.01.23"]
[EventType "swiss"]
[EventRounds "9"]
[EventCountry "ESP"]
[Source "lmi"]
[SourceDate "2009.01.23"]

1. e4 e6 2. d4 d5 3. Nd2 dxe4 4. Nxe4 Nd7 5. Bd3 Ngf6 6. Nf3 Be7 7. Qe2 c5 8.
Nxf6+ Nxf6 9. dxc5 Bxc5 10. O-O O-O 11. Bg5 Be7 12. Rad1 Qb6 13. c3 Qa5 14. Bb1
Rd8 15. Ne5 Qc7 16. Rxd8+ Qxd8 17. Rd1 Qc7 18. Qd3 g6 19. Qd4 Nd5 20. Bxe7 Qxe7
21. c4 Nb6 22. Ng4 Nd7 23. Nh6+ Kf8 24. Qh8# 1-0

[Event "34. Abierto Ciudad de Sevilla"]
[Site "Sevilla ESP"]
[Date "2009.01.26"]
[Round "4.14"]
[White "Jimenez de la Torre, Jose Antonio"]
[Black "Santos Izquierdo, Francisco Javier"]
[Result "1/2-1/2"]
[WhiteElo "2168"]
[BlackElo "2280"]
[PlyCount "65"]
[EventDate "2009.01.23"]
[EventType "swiss"]
[EventRounds "9"]
[EventCountry "ESP"]
[Source "lmi"]
[SourceDate "2009.01.23"]

1. e4 c5 2. Nf3 Nc6 3. d4 cxd4 4. Nxd4 e6 5. Nb5 d6 6. c4 Nf6 7. N1c3 a6 8. Nd4
Qc7 9. Be3 Be7 10. Be2 O-O 11. Rc1 Bd7 12. O-O Ne5 13. f4 Ng6 14. Kh1 Rac8 15.
b4 Qb8 16. Nb3 Bc6 17. Bd3 b6 18. Qe2 e5 19. f5 Nf4 20. Bxf4 exf4 21. Qf3 Nd7
22. Qxf4 Ne5 23. Be2 h6 24. h4 Rfe8 25. Nd5 Bxd5 26. cxd5 Rxc1 27. Rxc1 Rc8 28.
g3 b5 29. Na5 Rxc1+ 30. Qxc1 Qb6 31. Qg1 Qc7 32. Nc6 Nxc6 33. Qc1 1/2-1/2

[Event "34. Abierto Ciudad de Sevilla"]
[Site "Sevilla ESP"]
[Date "2009.01.26"]
[Round "4.15"]
[White "Madeira, Wagner Martins"]
[Black "Delgado Lozano, Jose Manuel"]
[Result "1-0"]
[WhiteElo "2212"]
[BlackElo "1937"]
[PlyCount "65"]
[EventDate "2009.01.23"]
[EventType "swiss"]
[EventRounds "9"]
[EventCountry "ESP"]
[Source "lmi"]
[SourceDate "2009.01.23"]

1. e4 c6 2. c4 d5 3. exd5 cxd5 4. cxd5 Qxd5 5. d4 Nc6 6. Nf3 e6 7. Nc3 Bb4 8.
Be2 Nf6 9. O-O Bxc3 10. bxc3 O-O 11. c4 Qd6 12. Bb2 Rd8 13. Qc1 Bd7 14. Rd1
Rac8 15. Qg5 Qb4 16. Rab1 Qa5 17. d5 h6 18. Qg3 Nh5 19. Qh4 exd5 20. cxd5 Bf5
21. Ra1 Qb4 22. dxc6 Rxd1+ 23. Rxd1 Qxb2 24. cxb7 Rb8 25. Rd8+ Kh7 26. Rxb8
Qxe2 27. Rh8+ Kg6 28. h3 Qd1+ 29. Kh2 Qd6+ 30. Qg3+ Nxg3 31. fxg3 Be4 32. b8=Q
Qd1 33. Qf4 1-0

[Event "34. Abierto Ciudad de Sevilla"]
[Site "Sevilla ESP"]
[Date "2009.01.26"]
[Round "4.16"]
[White "Jimenez Romero, Jose Antonio"]
[Black "Prados Montaño, Antonio"]
[Result "0-1"]
[WhiteElo "2056"]
[BlackElo "2210"]
[PlyCount "106"]
[EventDate "2009.01.23"]
[EventType "swiss"]
[EventRounds "9"]
[EventCountry "ESP"]
[Source "lmi"]
[SourceDate "2009.01.23"]

1. Nf3 c5 2. b3 d6 3. Bb2 e5 4. e4 Nf6 5. Bb5+ Nbd7 6. Qe2 Be7 7. O-O O-O 8.
Nc3 a6 9. Bxd7 Bxd7 10. a4 b6 11. d3 Re8 12. Bc1 h6 13. h3 Bc6 14. Nh2 d5 15.
Ng4 Qd6 16. Nxf6+ Bxf6 17. Qg4 Qe6 18. Bd2 d4 19. Ne2 Qxg4 20. hxg4 b5 21. axb5
axb5 22. Rfb1 c4 23. bxc4 bxc4 24. Kf1 Ba4 25. Ra2 Bxc2 26. Rxc2 cxd3 27. Rcb2
dxe2+ 28. Kxe2 Ra3 29. Rb3 Rxb3 30. Rxb3 Bg5 31. Bxg5 hxg5 32. Rb5 f6 33. g3
Ra8 34. Rd5 Ra2+ 35. Kf3 Ra7 36. Ke2 Kf7 37. Kd3 Ra2 38. f4 Ra3+ 39. Kd2 gxf4
40. gxf4 exf4 41. g5 fxg5 42. Rxg5 g6 43. Rg4 f3 44. e5 Ke6 45. Rxg6+ Kxe5 46.
Rg8 Kf4 47. Rg7 Rc3 48. Rg8 f2 49. Rf8+ Kg3 50. Rg8+ Kf3 51. Rf8+ Kg2 52. Rg8+
Rg3 53. Rb8 f1=Q 0-1

[Event "34. Abierto Ciudad de Sevilla"]
[Site "Sevilla ESP"]
[Date "2009.01.26"]
[Round "4.17"]
[White "Nederveld, Dieter"]
[Black "Teran Alvarez, Ismael"]
[Result "0-1"]
[WhiteElo "2033"]
[BlackElo "2436"]
[PlyCount "126"]
[EventDate "2009.01.23"]
[EventType "swiss"]
[EventRounds "9"]
[EventCountry "ESP"]
[Source "lmi"]
[SourceDate "2009.01.23"]

1. d4 e6 2. Nf3 f5 3. Bg5 Be7 4. Bxe7 Qxe7 5. c3 Nf6 6. Nbd2 b6 7. e3 Bb7 8.
Bc4 O-O 9. O-O c5 10. Rc1 Nc6 11. Re1 Kh8 12. Bd3 d5 13. Nf1 a6 14. N3d2 Ne4
15. f3 Nxd2 16. Qxd2 e5 17. e4 dxe4 18. fxe4 f4 19. d5 Nd8 20. Be2 Nf7 21. Bf3
Nd6 22. Qf2 a5 23. Nd2 Ba6 24. Be2 Bxe2 25. Qxe2 b5 26. Rc2 g5 27. Qh5 Rg8 28.
Qg4 Rg6 29. h3 Kg7 30. Nf1 Rh8 31. Qd1 h5 32. g3 Kh6 33. Rf2 Rf8 34. Qd2 Qd7
35. Rf3 Rgf6 36. Qg2 Kh7 37. Kh1 Kh6 38. Nd2 Qf7 39. Rff1 Qe7 40. Qg1 Nf7 41.
Qg2 Nd6 42. Qg1 Qc7 43. a3 Nf7 44. Qg2 g4 45. Qe2 Nd6 46. Rf2 f3 47. Qe3+ Kg6
48. Ref1 c4 49. b4 axb4 50. axb4 Ra8 51. h4 Nf7 52. Nb1 Qb6 53. Qc1 Ra1 54. Rb2
Qa7 55. Rff2 Rfa6 56. Qd2 Kh7 57. Kh2 Kg8 58. Kh1 Kf8 59. Kh2 Ke8 60. Kh1 R6a3
61. Kh2 Rb3 62. Qc1 Rxb1 63. Qxb1 Qxf2+ 0-1

[Event "34. Abierto Ciudad de Sevilla"]
[Site "Sevilla ESP"]
[Date "2009.01.26"]
[Round "4.18"]
[White "Hoffman, Alejandro"]
[Black "Garcia Cava, Juan"]
[Result "1-0"]
[WhiteElo "2425"]
[BlackElo "2050"]
[PlyCount "51"]
[EventDate "2009.01.23"]
[EventType "swiss"]
[EventRounds "9"]
[EventCountry "ESP"]
[Source "lmi"]
[SourceDate "2009.01.23"]

1. Nf3 f5 2. d4 Nf6 3. g3 g6 4. Bg2 Bg7 5. O-O c6 6. c4 O-O 7. Qc2 d6 8. Nc3
Nbd7 9. d5 cxd5 10. cxd5 Nc5 11. Be3 b6 12. Nd4 Bd7 13. b4 Nce4 14. Nxe4 Nxe4
15. Rac1 Rc8 16. Qd3 Bxd4 17. Bxd4 Nf6 18. h4 f4 19. gxf4 Nh5 20. e3 Bf5 21.
Qb5 h6 22. Bb2 a6 23. Qxa6 e5 24. dxe6 Bxe6 25. Rxc8 Bxc8 26. Bd5+ 1-0

[Event "34. Abierto Ciudad de Sevilla"]
[Site "Sevilla ESP"]
[Date "2009.01.26"]
[Round "4.19"]
[White "Guerra, Tulcan Lenin"]
[Black "Neubaver, Kai"]
[Result "1/2-1/2"]
[WhiteElo "2310"]
[BlackElo "2027"]
[PlyCount "72"]
[EventDate "2009.01.23"]
[EventType "swiss"]
[EventRounds "9"]
[EventCountry "ESP"]
[Source "lmi"]
[SourceDate "2009.01.23"]

1. e4 c5 2. Nf3 d6 3. Nc3 Nf6 4. d4 cxd4 5. Nxd4 e5 6. Nb3 Be7 7. Be2 O-O 8.
O-O Be6 9. f4 exf4 10. Bxf4 Nc6 11. Kh1 a6 12. Nd4 Nxd4 13. Qxd4 Qd7 14. Rad1
Rad8 15. Bf3 Qc8 16. Rd2 Rfe8 17. Rfd1 Bg4 18. Qf2 Bxf3 19. Qxf3 Qc6 20. Rd4 h6
21. Qd3 Ng4 22. Qe2 Ne5 23. Nd5 Bf8 24. Ne3 Ng6 25. Qf3 Nxf4 26. Qxf4 Re6 27.
c4 Rde8 28. Nd5 Be7 29. b3 Bf6 30. R4d3 Bg5 31. Qf3 Rxe4 32. Rf1 Qd7 33. c5 Re1
34. Rd1 Rxf1+ 35. Qxf1 Qc6 36. h4 Bd8 1/2-1/2

[Event "34. Abierto Ciudad de Sevilla"]
[Site "Sevilla ESP"]
[Date "2009.01.26"]
[Round "4.20"]
[White "Robles Garcia, Claudia"]
[Black "Ortega Valle, Jose Ramon"]
[Result "1-0"]
[WhiteElo "2258"]
[BlackElo "2004"]
[PlyCount "50"]
[EventDate "2009.01.23"]
[EventType "swiss"]
[EventRounds "9"]
[EventCountry "ESP"]
[Source "lmi"]
[SourceDate "2009.01.23"]

1. e4 c5 2. Nf3 d6 3. d4 cxd4 4. Nxd4 Nf6 5. Nc3 a6 6. Be2 e5 7. Nb3 Be6 8. O-O
Be7 9. f4 Qc7 10. Kh1 Nbd7 11. Be3 h5 12. Nd5 Bxd5 13. exd5 Nb6 14. Bf3 Nc4 15.
Bc1 e4 16. Be2 Nb6 17. Nd4 Nbxd5 18. Nf5 g6 19. Nxe7 Nxe7 20. Qd4 Ned5 21. f5
Qe7 22. Bg5 Qe5 23. Qxe5+ dxe5 24. fxg6 Ng4 25. Rxf7 Nf4 1-0

[Event "34. Abierto Ciudad de Sevilla"]
[Site "Sevilla ESP"]
[Date "2009.01.27"]
[Round "5.1"]
[White "Salgado Lopez, Ivan"]
[Black "Rivas Pastor, Manuel"]
[Result "0-1"]
[WhiteElo "2554"]
[BlackElo "2514"]
[PlyCount "66"]
[EventDate "2009.01.23"]
[EventType "swiss"]
[EventRounds "9"]
[EventCountry "ESP"]
[Source "lmi"]
[SourceDate "2009.01.23"]

1. d4 Nf6 2. c4 e6 3. Nf3 Bb4+ 4. Bd2 Qe7 5. g3 Nc6 6. Nc3 d5 7. Bg2 dxc4 8. a3
Bxc3 9. Bxc3 Nd5 10. O-O O-O 11. Qc2 Bd7 12. Bd2 b5 13. e4 Nb6 14. Rfe1 Rfc8
15. d5 Nd8 16. Bb4 Qe8 17. Bc3 Na4 18. e5 h6 19. Nd4 Rab8 20. f4 Nxc3 21. bxc3
c5 22. dxe6 cxd4 23. exd7 Qxd7 24. cxd4 Qxd4+ 25. Kh1 b4 26. Rad1 b3 27. Qf5
Qc5 28. Rd6 Ne6 29. Rxe6 fxe6 30. Qxe6+ Kh8 31. Qg6 Qf8 32. Be4 Qg8 33. f5 Qe8
0-1

[Event "34. Abierto Ciudad de Sevilla"]
[Site "Sevilla ESP"]
[Date "2009.01.27"]
[Round "5.5"]
[White "Kurajica, Bojan"]
[Black "Razmyslov, Alexander"]
[Result "1/2-1/2"]
[WhiteElo "2552"]
[BlackElo "2404"]
[PlyCount "102"]
[EventDate "2009.01.23"]
[EventType "swiss"]
[EventRounds "9"]
[EventCountry "ESP"]
[Source "lmi"]
[SourceDate "2009.01.23"]

1. d4 g6 2. e4 Bg7 3. Nc3 c6 4. Be3 d5 5. Qd2 dxe4 6. Nxe4 Qd5 7. Bd3 Nf6 8.
Nxf6+ exf6 9. Nf3 O-O 10. c4 Qd8 11. h3 Re8 12. O-O Be6 13. Rad1 Na6 14. a3 Qe7
15. Rfe1 Red8 16. Bf4 Rd7 17. b4 Qd8 18. a4 Bf8 19. Rb1 Nc7 20. b5 Ne8 21. Rbc1
Ba3 22. Rcd1 a5 23. Re3 Bb4 24. Qe2 Ng7 25. Bh6 Bf5 26. bxc6 bxc6 27. Bxg7 Bxd3
28. Rexd3 Kxg7 29. Nh2 Qb6 30. c5 Qa6 31. Ng4 Rd5 32. Qe3 Rf5 33. Qh6+ Kh8 34.
Rf3 Qe2 35. Rfd3 Re8 36. Kh2 Qe7 37. Re3 Qd8 38. Rxe8+ Qxe8 39. Rd3 Qb8+ 40.
Kh1 Rh5 41. Qe3 Qd8 42. Qf3 Kg7 43. Qxc6 Bxc5 44. dxc5 Qxd3 45. Qxf6+ Kf8 46.
c6 Rf5 47. c7 Rxf6 48. c8=Q+ Kg7 49. Nxf6 Qd1+ 50. Kh2 Qd6+ 51. g3 Qxf6 1/2-1/2

[Event "34. Abierto Ciudad de Sevilla"]
[Site "Sevilla ESP"]
[Date "2009.01.27"]
[Round "5.7"]
[White "Huerga Leache, Mikel"]
[Black "Paunovic, Dragan"]
[Result "1-0"]
[WhiteElo "2418"]
[BlackElo "2526"]
[PlyCount "71"]
[EventDate "2009.01.23"]
[EventType "swiss"]
[EventRounds "9"]
[EventCountry "ESP"]
[Source "lmi"]
[SourceDate "2009.01.23"]

1. e4 d6 2. d4 Nf6 3. Nc3 e5 4. dxe5 dxe5 5. Qxd8+ Kxd8 6. Bg5 Bd6 7. O-O-O
Nbd7 8. Bc4 Ke8 9. f3 a6 10. Nge2 h6 11. Bh4 Kf8 12. g4 g6 13. Bf2 Kg7 14. h4
b5 15. Bb3 Nc5 16. Bd5 Rb8 17. g5 Nxd5 18. Nxd5 Ne6 19. Ba7 Ra8 20. gxh6+ Kxh6
21. Be3+ Kg7 22. h5 Rxh5 23. Rxh5 gxh5 24. Ng3 Nf4 25. Nxf4 exf4 26. Nxh5+ Kg6
27. Nxf4+ Bxf4 28. Bxf4 c5 29. Be3 c4 30. Rd6+ Kh7 31. Rd8 Kg6 32. Bd4 f5 33.
Rd6+ Kf7 34. exf5 Ke7 35. Bc5 Kf7 36. Rd8 1-0

[Event "34. Abierto Ciudad de Sevilla"]
[Site "Sevilla ESP"]
[Date "2009.01.27"]
[Round "5.8"]
[White "Campora Sivori, Daniel"]
[Black "Komljenovic, Davorin"]
[Result "0-1"]
[WhiteElo "2522"]
[BlackElo "2418"]
[PlyCount "31"]
[EventDate "2009.01.23"]
[EventType "swiss"]
[EventRounds "9"]
[EventCountry "ESP"]
[Source "lmi"]
[SourceDate "2009.01.23"]

1. b4 c6 2. e3 Nf6 3. Nf3 Qb6 4. a3 a5 5. b5 d5 6. Bb2 Bg4 7. c4 Nbd7 8. Nc3 e5
9. cxd5 cxd5 10. h3 Bxf3 11. gxf3 d4 12. Na4 Qe6 13. Rg1 g6 14. Qe2 Bg7 15.
O-O-O O-O 16. Kb1 0-1

[Event "34. Abierto Ciudad de Sevilla"]
[Site "Sevilla ESP"]
[Date "2009.01.27"]
[Round "5.9"]
[White "Garcia Luque, Agustin"]
[Black "Rizouk, Aimen"]
[Result "1/2-1/2"]
[WhiteElo "2390"]
[BlackElo "2518"]
[PlyCount "55"]
[EventDate "2009.01.23"]
[EventType "swiss"]
[EventRounds "9"]
[EventCountry "ESP"]
[Source "lmi"]
[SourceDate "2009.01.23"]

1. e4 e5 2. Nf3 Nc6 3. Bb5 Nf6 4. O-O Nxe4 5. d4 Nd6 6. Bxc6 dxc6 7. dxe5 Nf5
8. Qe2 Nd4 9. Nxd4 Qxd4 10. h3 Be6 11. Rd1 Qh4 12. Nc3 Qc4 13. Rd3 Rd8 14. b3
Qh4 15. Rg3 h6 16. a3 Bc5 17. Be3 Bxe3 18. Qxe3 O-O 19. Re1 Rd4 20. Rg4 Rxg4
21. hxg4 Qxg4 22. Qxa7 Qg6 23. Qxb7 Qxc2 24. Qxc6 Qxb3 25. a4 Bd7 26. Qxc7 Bxa4
27. Ra1 Bd7 28. Rb1 1/2-1/2

[Event "34. Abierto Ciudad de Sevilla"]
[Site "Sevilla ESP"]
[Date "2009.01.27"]
[Round "5.10"]
[White "Prados Montaño, Antonio"]
[Black "Ibarra Jerez, Jose Carlos"]
[Result "0-1"]
[WhiteElo "2210"]
[BlackElo "2513"]
[PlyCount "75"]
[EventDate "2009.01.23"]
[EventType "swiss"]
[EventRounds "9"]
[EventCountry "ESP"]
[Source "lmi"]
[SourceDate "2009.01.23"]

1. e4 c5 2. Nc3 a6 3. g3 b5 4. Bg2 Bb7 5. d3 e6 6. f4 d5 7. e5 h5 8. h3 Ne7 9.
Be3 Nf5 10. Bf2 g5 11. g4 Nd4 12. fxg5 Qxg5 13. Bxd4 cxd4 14. Nf3 Qg7 15. Ne2
hxg4 16. hxg4 Rxh1+ 17. Bxh1 Nc6 18. Qd2 Bb4 19. c3 dxc3 20. bxc3 Nxe5 21. Nxe5
Qxe5 22. d4 Qh2 23. O-O-O Be7 24. Kb1 O-O-O 25. Bf3 Qd6 26. Rh1 Rg8 27. Qc2 Bg5
28. Rh5 Bc6 29. Rh7 Be8 30. Rh3 f6 31. Kb2 Bg6 32. Qb3 Kd7 33. Qb4 Qxb4+ 34.
cxb4 Rc8 35. Kb3 Rc2 36. Nc3 Rd2 37. Rh8 Bd3 38. Nxd5 0-1

[Event "34. Abierto Ciudad de Sevilla"]
[Site "Sevilla ESP"]
[Date "2009.01.27"]
[Round "5.11"]
[White "Teran Alvarez, Ismael"]
[Black "Barrios Muñoz, Rafael Carlos"]
[Result "1-0"]
[WhiteElo "2436"]
[BlackElo "2132"]
[PlyCount "73"]
[EventDate "2009.01.23"]
[EventType "swiss"]
[EventRounds "9"]
[EventCountry "ESP"]
[Source "lmi"]
[SourceDate "2009.01.23"]

1. e4 c5 2. Nf3 a6 3. Nc3 e6 4. d4 cxd4 5. Nxd4 Qc7 6. Bd3 Nc6 7. Nxc6 bxc6 8.
O-O Nf6 9. f4 d5 10. Qe2 h5 11. e5 Bc5+ 12. Kh1 Ng4 13. Na4 Ba7 14. Bd2 Qd8 15.
Be1 g6 16. c4 Be3 17. Rf3 Bd4 18. c5 g5 19. Rd1 gxf4 20. Rxf4 Be3 21. Rxg4 hxg4
22. Qxe3 Ra7 23. Qf4 Rg8 24. Nb6 Bd7 25. Bd2 Qh4 26. Rf1 Qh5 27. Qg3 Kd8 28.
Rf6 Rh8 29. Rf4 f5 30. exf6 e5 31. Rf1 Be6 32. Bf5 Bxf5 33. Qxe5 Qxh2+ 34. Qxh2
Rxh2+ 35. Kxh2 Rh7+ 36. Kg1 Bg6 37. Rf4 1-0

[Event "34. Abierto Ciudad de Sevilla"]
[Site "Sevilla ESP"]
[Date "2009.01.27"]
[Round "5.13"]
[White "Recuero Guerra, David"]
[Black "Torres Ventosa, Pedro Eugenio"]
[Result "1-0"]
[WhiteElo "2435"]
[BlackElo "2134"]
[PlyCount "61"]
[EventDate "2009.01.23"]
[EventType "swiss"]
[EventRounds "9"]
[EventCountry "ESP"]
[Source "lmi"]
[SourceDate "2009.01.23"]

1. e4 c5 2. Nf3 d6 3. d4 cxd4 4. Nxd4 Nf6 5. Nc3 a6 6. Be3 e5 7. Nb3 Be6 8. f4
Qc7 9. f5 Bc4 10. Bxc4 Qxc4 11. Qf3 b5 12. O-O-O Nbd7 13. Nd2 Qc7 14. Nd5 Nxd5
15. exd5 Rc8 16. c3 b4 17. c4 a5 18. Kb1 a4 19. g4 Be7 20. g5 Bd8 21. Rc1 Qb8
22. g6 hxg6 23. fxg6 fxg6 24. Qg4 Nf8 25. Ne4 Be7 26. c5 Rd8 27. cxd6 Bxd6 28.
Bg5 Be7 29. d6 Bxg5 30. Qxg5 Rh5 31. Qe7# 1-0

[Event "34. Abierto Ciudad de Sevilla"]
[Site "Sevilla ESP"]
[Date "2009.01.27"]
[Round "5.14"]
[White "Barlocco, Carlo"]
[Black "Hoffman, Alejandro"]
[Result "1/2-1/2"]
[WhiteElo "2146"]
[BlackElo "2425"]
[PlyCount "138"]
[EventDate "2009.01.23"]
[EventType "swiss"]
[EventRounds "9"]
[EventCountry "ESP"]
[Source "lmi"]
[SourceDate "2009.01.23"]

1. d4 c5 2. dxc5 e6 3. Nd2 Nf6 4. Nb3 Na6 5. Bf4 Nxc5 6. Bd6 Bxd6 7. Qxd6 Nce4
8. Qd4 d5 9. f3 Nd6 10. e4 Qc7 11. g4 dxe4 12. O-O-O Ke7 13. g5 Nfe8 14. fxe4
a5 15. Bd3 b6 16. e5 Nf5 17. Bxf5 exf5 18. Ne2 Bb7 19. Rhf1 Be4 20. Nc3 Qc6 21.
Nxe4 fxe4 22. Qf2 Qg6 23. Nd2 Rd8 24. Rde1 h6 25. Nxe4 hxg5 26. Nd6 Nxd6 27.
exd6+ Kf8 28. Re7 Rxd6 29. Qxf7+ Qxf7 30. Rfxf7+ Kg8 31. Rxg7+ Kf8 32. Ref7+
Ke8 33. Rc7 Kf8 34. Rxg5 Rxh2 35. b3 Rhh6 36. Kb2 Rc6 37. Rgg7 Rxc7 38. Rxc7
Ke8 39. a3 Kd8 40. Rg7 Kc8 41. b4 axb4 42. axb4 Rh5 43. Kb3 Rf5 44. Ka4 Rh5 45.
c3 Rf5 46. Kb3 Rh5 47. Re7 Rf5 48. Kc4 Rg5 49. Kd4 Rh5 50. Re5 Rh3 51. c4 Kc7
52. Re7+ Kd6 53. Re4 Rh5 54. Rg4 Rh1 55. Rg6+ Kc7 56. Rg7+ Kd6 57. b5 Rd1+ 58.
Kc3 Rc1+ 59. Kb3 Rb1+ 60. Kc2 Rh1 61. Rb7 Kc5 62. Rc7+ Kb4 63. Kd3 Rh4 64. Rc6
Rg4 65. Rxb6 Rxc4 66. Rc6 Rh4 67. b6 Rh8 68. b7 Rb8 69. Rc1 Kb5 1/2-1/2

[Event "34. Abierto Ciudad de Sevilla"]
[Site "Sevilla ESP"]
[Date "2009.01.27"]
[Round "5.15"]
[White "Barria, Daniel"]
[Black "Durao, Joaquim"]
[Result "1-0"]
[WhiteElo "2419"]
[BlackElo "2112"]
[PlyCount "69"]
[EventDate "2009.01.23"]
[EventType "swiss"]
[EventRounds "9"]
[EventCountry "ESP"]
[Source "lmi"]
[SourceDate "2009.01.23"]

1. e4 e6 2. d4 d5 3. e5 c5 4. c3 Nc6 5. Nf3 Bd7 6. Be2 Qb6 7. O-O f6 8. a3 c4
9. Nbd2 Na5 10. Re1 O-O-O 11. Bf1 Ne7 12. g3 f5 13. b3 cxb3 14. Rb1 h6 15. c4
Ba4 16. c5 Qc6 17. Bb2 Qe8 18. Bc3 Nec6 19. Qc1 Kb8 20. Be2 g5 21. Bxa5 Nxa5
22. Qc3 b6 23. Rec1 Rh7 24. Bd1 Ka8 25. Nxb3 Nc4 26. Nfd2 Nxd2 27. Qxd2 Rb8 28.
Be2 Bxb3 29. Rxb3 bxc5 30. Rxb8+ Qxb8 31. dxc5 Rc7 32. Qa5 Qb2 33. Qxc7 Qxc1+
34. Kg2 Qxc5 35. Qd7 1-0